Chansons de NF - Statistiques

Statistiques générales
  • Ce quiz a été pris 26 fois
  • Le résultat moyen est 4 sur 12
Statistiques - réponses
Année de parution Chanson de NF % Correct
2019 The search
86%
2021 CLOUDS
64%
2015 Mansion
59%
2016 Therapy Session
55%
2019 Hate myself
36%
2015 Paralyzed
32%
2018 WHY
32%
2021 LOST
27%
2021 Trust
9%
2019 Let me go
5%
2016 Lost in the moment
5%
2015 Wait
5%
Aucun quiz correspondant
Distribution des résultats
% des personnes avec chaque résultat
Percentile par nombre de réponses
Votre historique - résultats
Vous n’avez pas pris ce quiz